000 00337nam a22001457a 4500
008 240207b ||||| |||| 00| 0 eng d
020 _a9780803611283
041 _aeng
080 _22006
_a610.73
082 _a610.73
100 _a8
101 _aINF
245 _aNURSING CARE AT THE END OF LIFE
_cJOYCE V.ZERWEKH
942 _2udc
_cBK
999 _c60588
_d60588